000 01489cam a22002295a 4500
001 L153685
008 110817s2009 xxk f 000 0 eng d
020 _a9781842195390
035 _a(Sirsi) u153685
041 0 _aeng
110 2 _aRoyal Institution of Chartered Surveyors
_94900
245 0 0 _aApportionment of service charges in mixed use developments
_h[electronic resource]
260 _aCoventry
_bRICS
_c2009
490 0 _aRICS Information Paper
520 _aThe new guidance note Managing Mixed Use Developments, 2012, (L158324) is based on this information paper, content and has been expanded significantly.
520 _aThis paper is one in a series of information papers linked to the RICS Code of practice for service charges in commercial property. This information paper is written to address new developments where the service charge apportionment strategy can be constructed simultaneously with the lease documentation. In addition, the principles it sets out can be used when considering revising the apportionment of existing developments where the existing leases do not allow for apportionment to be amended. But consequent complications must be taken into account.
590 _aKA
651 4 _aENGLAND AND WALES
690 _aPROPERTY
856 4 0 _uhttps://www.rics.org/Global/Downloads/Apportionment_of_service_charges_in_mixed_use_developments_1st_edition_PGguidance_2009.pdf
_zView online for free at www.ric.org (member-only access).
942 _n0
999 _c112646
_d112646